01534nam a2200337 a 4500001001000000003000400010005001700014008004100031020001600072040002500088041001300113082002000126100003500146245013300181246002400314260003200338300002000370500003400390590002600424650002800450650003100478700003600509700004000545910003800585942001400623952019600637952011800833952011200951952011801063999001501181000010144OSt20240412074215.0091005s2002 xxu r 000 p spa d z09668857887 aDO-SdBNPbspacBNPHU17aspa2eng aRD861.44bC822i1 aCoronado, Carmen Dinorah9122210aInterioridades = Poetry from my soul /cCarmen Dinorah Coronado; edición Tomás Castro Burdiez; traducción Vita Dervyatkin.1 aPoetry from my soul aNew York :bCiguapa,c2002. a96 p. ;c22 cm. aTexto en inglés y español aInventariado, 2018/BT 0aPoesía dominicana966 0aLiteratura dominicana.96712aDervyatkin, Vita,etrad.925138 2aCastro, Tomás,d1959-eed.924641 aValidado. Control de calidad. MFF 2ddccLBS1 00102ddc708MOaBNPHUbGRcHDd2014-02-03iLF1l0oRD861.44 C822ip10144-30r2020-06-25te. 3w2020-06-25yLBS1zPerteneció a la biblioteca personal de Chiqui Vicioso / Fidelio Despradel. 00102ddc708MOaBNPHUbGRcHDd2015-08-04iLF1l0oRD861.44 C822ip10144-40r2020-06-25te. 4w2020-06-25yLBS1 00102ddc718MOaBNPHUbPDcHDd2009-10-05iLF1l0oRD861.44 C822ip10144-10r2020-06-25w2020-06-25yLBS1 00102ddc718MOaBNPHUbPDcHDd2009-10-05iLF1l0oRD861.44 C822ip10144-20r2020-06-25te. 2w2020-06-25yLBS1 c9903d9903